Tilastot visalle Kaupunkivisat - Rovaniemi

Klikkaa tästä pelataksesi tätä visaa!

Yleistilastot

  • Tätä visaa on pelattu 47 kertaa
  • Keskiarvotulos 20 / 30

Vastaustilastot

HintVastaus% Oikein
Rovaniemi on ____ maakuntakeskusLapin
100%
Millä perusteella Rovaniemi on
Euroopan suurin kaupunki?
pinta-ala
89%
naapurikunnat pohjoisessa
(mainitse yksi)
Kittilä
Sodankylä
87%
kaupunki jälleenrakennettiin ___ jälkeenLapin sodan
87%
naapurikunnat etelässä
(mainitse yksi)
Tervola
Ranua
Posio
87%
nimeä yksi taajama
Rovaniemen keskustaajama
Rautiosaari
Muurola
Sinettä
Nivankylä
84%
Rovaniemi on ____ virallinen kotikaupunkiJoulupukin
84%
joki itä-länsi-suunnassaKemijoki
84%
naapurikunnat idässä
(mainitse yksi)
Pelkosenniemi
Kemijärvi
84%
suurin puolue kaupunginvaltuustossaKeskusta
82%
naapurikunnat lännessä
(mainitse yksi)
Kolari
Pello
Ylitornio
79%
kaupungin läpi menevä "vyöhyke"napapiiri
79%
pohjoisesta em. jokeen laskeva sivujokiOunasjoki
76%
sanomalehti
(mainitse yksi)
Lapin Kansa
Lappilainen
Uusi Rovaniemi
74%
Rovaniemen kirkon risti valaistaan ___ (väri)punaisella valolla
68%
jalkapalloseuraRovaniemen Palloseura
68%
kauppakeskusRevontuli
Rinteenkulma
66%
kauppala -> kaupunki
(vuosikymmen)
1960
63%
perustamisvuosi
(vuosikymmen riittää)
1929
61%
nimeä yksi kirjailija
Oiva Arvola
Jorma Etto
Paula Havaste
Annikki Kariniemi
Katja Kettu
Rosa Liksom
Esko-Juhani Tennilä
Jari Tervo
58%
Suomen tieliikenteen ensimmäinen
vinoköysisilta
Jätkänkynttilä
58%
etäisyys Helsinkiin
(10 km tarkkuudella)
832 km
55%
kaavan suunnittelijaAlvar Aalto
55%
matkailua varten on rakennettuJoulupukin pajakylä
SantaPark
55%
v. 1979 perustettu oppilaitosLapin korkeakoulu
(nyk. Lapin yliopisto)
55%
kuntaliitos v. 2006Rovaniemen maalaiskunta
55%
nimeä yksi muusikkoMr. Lordi
Antti Tuisku
Hannibal
53%
tiedekeskusArktikum
Pilke
50%
uuden asemakaavan kutsumanimiPoronsarvi
29%
luonnonpuistoPisavaaran luonnonpuisto
11%

Tulosjakauma

Persentiili vastausten määrän mukaan

Jokaisen tuloksen saaneiden osuus

Tuloshistoriasi

Et ole pelannut tätä visaa